000 00355 a2200169 4500
001 164886
020 _a85-03-00551-4
040 _cMagnum
100 _aJaf, Ivan
240 1 0 _aAtrás do paraíso
_lpor
245 1 0 _aAtrás do paraíso
300 _a172
362 0 _a1999
440 1 _aJosé Olympio
697 _aLITERATURA JUVENIL
942 _cBK
999 _c164886
_d164886